| 000 | 00467nam a2200181Ia 4500 | ||
|---|---|---|---|
| 001 | 24066 | ||
| 005 | 20260414151019.0 | ||
| 008 | 260414t1976||||xx |||||||||||||| ||spa|| | ||
| 041 | _aESP | ||
| 082 |
_a759.46 _bM61 |
||
| 100 |
_aMinisterio de Educación y Ciencia _eAUT |
||
| 245 | 0 |
_aFrancisco Bores : _b1898-1972 - exposición antológica |
|
| 260 | _c1976 | ||
| 300 |
_a101 páginas : _c25 cm. |
||
| 650 | _aABD | ||
| 654 | _aCAU | ||
| 942 |
_cLIB _dJUS _fJUS _2ddc _n |
||
| 999 |
_c24066 _d24066 |
||